000 00611nam a2200229Ia 4500
003 OSt
005 20220928112057.0
006 a|||||r|||| 00| 0
007 ta
008 220927b |||||||| |||| 00| 0 eng d
024 _a94851
037 _cTextual
040 _aSDCL
_cSDCL
_beng
041 _2eng
_aeng
082 _aX755.791'N8, M8
100 _aWesson Robert
_9426182
245 0 _aCoping with the Latin American debt.
260 _aNew York
_b Praeger
_c1988
300 _aix,209p
_ccm.
942 _hX755.791'N8, M8
_cTEXL
_2CC
999 _c743168
_d743168